Oil and freeze resistant performance of rubber compounds with non-carcinogenic plasticizers (Record no. 64329)

MARC details
000 -LEADER
fixed length control field 00477nam a2200157Ia 4500
100 ## - MAIN ENTRY--AUTHOR NAME
Personal name Karadeniz K
245 #0 - TITLE STATEMENT
Title Oil and freeze resistant performance of rubber compounds with non-carcinogenic plasticizers
260 ## - PUBLICATION, DISTRIBUTION, ETC. (IMPRINT)
Name of publisher Kautschuk Gummi Kunststoffe
Year of publication 2011
300 ## - PHYSICAL DESCRIPTION
Number of Pages 24-26
500 ## - GENERAL NOTE
General note Source Year: 2011
650 ## - SUBJECT ADDED ENTRY--TOPICAL TERM
Topical Term Glass transition temperature
650 ## - SUBJECT ADDED ENTRY--TOPICAL TERM
Topical Term Oil resistance
650 ## - SUBJECT ADDED ENTRY--TOPICAL TERM
Topical Term Rubber compound
942 ## - ADDED ENTRY ELEMENTS (KOHA)
Koha item type Journals
Holdings
Withdrawn status Lost status Damaged status Not for loan Home library Current library Shelving location Date acquired Serial Enumeration / chronology Koha item type
      Journals RRII Library RRII Library Rubber technology 30/09/2011 Volume 64, Issue 08-Jul Journals